LEADER 01379nam 2200385Ia 450 001 996385324703316 005 20221108030011.0 035 $a(CKB)4940000000075495 035 $a(EEBO)2240939030 035 $a(OCoLC)12187355 035 $a(EXLCZ)994940000000075495 100 $a19850621d1681 uy | 101 0 $aeng 135 $aurbn||||a|bb| 200 10$aRara avis in terris, or, The compleat miner$b[electronic resource] $ein two books : the first containing the liberties, laws and customs of the lead-mines, within the Wapentake of Wirksworth in Derbyshire ... the second teacheth the art of dialling and levelling grooves ... /$fby Thomas Houghton 210 $aLondon $c[s.n.]$d1681 215 $a[8], 105, [7] p. $cill 300 $aErrata: p. [6] at end. 300 $aAdvertisements on p. [7] at end. 300 $aReproduction of original in Columbia University Library. 330 $aeebo-0027 606 $aLead mines and mining$zEngland 606 $aMining engineering$vEarly works to 1800 615 0$aLead mines and mining 615 0$aMining engineering 700 $aHoughton$b Thomas$cGent.$01001093 801 0$bEAA 801 1$bEAA 801 2$bm/c 801 2$bUMI 801 2$bWaOLN 906 $aBOOK 912 $a996385324703316 996 $aRara avis in terris, or, The compleat miner$92379569 997 $aUNISA LEADER 00809nam 2200253 i 4500 001 991004307737007536 005 20240216152455.0 008 240213s1969 it er 00| 0 ita d 040 $aBibl. Dip.le Aggr. Scienze Giuridiche - Sez. Centro Studi sul Rischio$bita 082 04$a335.4 100 1 $aLenin, Vladimir Il'ic$0119558 245 10$aChe fare? /$cV. I. Lenin ; introduzione di Luciano Gruppi ; traduzione di Luigi Amadesi 250 $a2. ed. 264 1$aRoma :$bEditori Riuniti,$c1969 300 $a241 p. ;$c19 cm 490 1 $aLe idee ;$v21 600 14$aLenin, Vladimir Ilʹič$xLettere e carteggi 650 4$aComunismo 700 1 $aGruppi, Luciano 700 1 $aAmadesi, Luigi 830 3$aLe idee ;$v21 912 $a991004307737007536 996 $aChe fare$9339544 997 $aUNISALENTO